00354nam a2200133 a 45000010010000000030011000100080041000210350026000620820014000881000020001022450022001222600041001446500035001850000-9155ELIB.Books110520 1971  a(ELIB.Books)0000-9307 a241 bFro aFromke, De Vern aUnto Full Stature bU.S.A: Ministry of Life, Inc. c1971 aDictionary of Christian Ethics